Narraciones extraordinarias /
Guardado en:
| Autor Principal: | |
|---|---|
| Formato: | Libro |
| Publicado: |
México :
Editores Mexicanos Unidos,
1993
|
| Materias: | |
| Etiquetas: |
Agregar Etiqueta
Sin Etiquetas, Sea el primero en etiquetar este registro!
|
| LEADER | 01174nam a22002535a 4500 | ||
|---|---|---|---|
| 001 | CEM.cems010049 | ||
| 005 | 20080618103546.0 | ||
| 008 | 130507s1993##################000#0#####d | ||
| 003 | CEMS | ||
| 020 | |a 9681500253 | ||
| 082 | 0 | 4 | |a 818.3 |
| 100 | 1 | |a Poe, Edgar Allan | |
| 245 | 1 | 0 | |a Narraciones extraordinarias / |c Edgar Allan Poe |
| 260 | |a México : |b Editores Mexicanos Unidos, |c 1993 | ||
| 300 | |a 269 p. | ||
| 505 | 0 | |a Baudelaire -- Berenice -- El gato negro -- Guillermo Wilson -- El retrato oval -- La caída de la casa Usher -- La máscara de la Muerte Roja -- El tonel de amontillado -- Un descenso dentro del Maelstróm -- El pozo y el pendulo -- Enterrado vivo -- La caja oblonga -- La carta robada -- El misterio de Marie Rogét -- Los crímenes de la calle Morgue -- El escarabajo de oro -- La verdad en el caso de Mr. Valdemar -- El cuervo | |
| 653 | |a Cuentos | ||
| 653 | |a Cuentos de terror | ||
| 653 | |a Cuentos eeuu | ||
| 653 | |a Literatura | ||
| 653 | |a Literatura de terror | ||
| 653 | |a Literatura norteamericana | ||
| 859 | |a CEMS |b BIB. CEMS - 11 de abril |h 818.3 |i P752-4 |p 20559.99 |t Ej.1 | ||
| 859 | |a CEMS |b BIB. CEMS - 11 de abril |h 818.3 |i P752-4 |p 22381.04 |t Ej.2 | ||
